Campo de deportes /
¿Cómo se logra un efecto cuando se patea una pelota? ¿Qué gana un arquero al adelantarse en un tiro penal? ¿Con qué ángulo de tiro se logra el máximo alcance? ¿Cómo se arma el fixture del torneo argentino de fútbol? ¿Cuál es el papel del diseño en los botines, las pelotas y los guantes de futbol? Es...
Guardado en:
| Autor Principal: | |
|---|---|
| Autores Corporativos: | , |
| Formato: | |
| Publicado: |
Argentina,
2009
|
| Series: | Entornos Invisibles - Capítulo 4
|
| Materias: | |
| Acceso en línea: | https://www.educ.ar/recursos/50685/campo-de-deportes |
| Etiquetas: |
Agregar Etiqueta
Sin Etiquetas, Sea el primero en etiquetar este registro!
|
| LEADER | 01588ngm a22003135g 4500 | ||
|---|---|---|---|
| 001 | CEM.cems023523 | ||
| 008 | 130507s2009##################0###0#####d | ||
| 005 | 20250603151544.0 | ||
| 245 | 1 | 0 | |a Campo de deportes / |c Juan José Campanella. |
| 260 | |a Argentina, |c 2009 | ||
| 300 | |a 30'. | ||
| 490 | 0 | |a Entornos Invisibles - Capítulo 4 | |
| 500 | |a Consultar en ventanilla. | ||
| 538 | |a Soporte: DVD - Color: Si - Grabación DRD | ||
| 520 | |a ¿Cómo se logra un efecto cuando se patea una pelota? ¿Qué gana un arquero al adelantarse en un tiro penal? ¿Con qué ángulo de tiro se logra el máximo alcance? ¿Cómo se arma el fixture del torneo argentino de fútbol? ¿Cuál es el papel del diseño en los botines, las pelotas y los guantes de futbol? Estudios científicos y el sentido común pueden darnos algunas respuestas, pero los conductores eligen como escenario un estadio de fútbol para abordar, analizar y poner a prueba los contenidos de física, matemática, biología y tecnología que cumplen un papel fundamental dentro y fuera del campo de juego. | ||
| 100 | 1 | |a Campanella, Juan José | |
| 710 | 2 | |a Canal Encuentro. | |
| 710 | 2 | |a Instituto Nacional de Educación Tecnológica (INET) | |
| 082 | 5 | 3 | |/ CAM |
| 653 | |a CIENCIA | ||
| 653 | |a FISICA | ||
| 653 | |a QUIMICA | ||
| 653 | |a ENTORNOS INVISIBLES | ||
| 653 | |a DEPORTES | ||
| 653 | |a MOVIMIENTO | ||
| 653 | |a SERIE DE TELEVISIÓN | ||
| 653 | |a CANAL ENCUENTRO | ||
| 856 | |u https://www.educ.ar/recursos/50685/campo-de-deportes | ||
| 859 | |a CEMS |b BIB. CEMS - Depto. Recursos Didacticos |h 530 |i CAM |k DRD |p 2166.15 |t Ej.1 | ||
